| 000 | 00854cam a2200217 4500 | ||
|---|---|---|---|
| 001 | WB3913-03 | ||
| 008 | 030401n2003 000 0 eng u | ||
| 035 | _a(Sirsi) u121850 | ||
| 245 | _aContractors get training in Egan principles | ||
| 260 | _c2003 | ||
| 490 |
_aBuilding _v268(8276) 28 March 2003, 12(1) |
||
| 520 | _aContractors are being offered a training package to help them implement the Egan principles of collaborative working in their firms. The package, which consists of six sets of notes and slides, is available from the construction think tank Be, formerly Collaborating for the Built Environment. | ||
| 590 | _aWB | ||
| 650 | _aBUILDING CONTRACTORS | ||
| 650 | _aCAREERS, EDUCATION AND TRAINING | ||
| 650 | _aEGAN REFORMS | ||
| 650 | _aEGAN REFORMS | ||
| 650 | _aCOLLABORATION | ||
| 690 | _aBUILT ENVIRONMENT | ||
| 942 | _n0 | ||
| 999 |
_c72408 _d72408 |
||